| 000 | 00604nam a2200217Ia 4500 | ||
|---|---|---|---|
| 003 | OSt | ||
| 005 | 20240401164019.0 | ||
| 008 | 210210b1981 xxu||||| |||| 00| 0 eng d | ||
| 040 | _cAL | ||
| 041 | _aKannada | ||
| 082 | _aK894.4 SHRI | ||
| 100 |
_a- _9157635 |
||
| 245 |
_aShrimanmahabharata.S21. _bಶ್ರೀ ಮನ್ಮಹಾಭಾರತ ಸಂ: ೨೧ |
||
| 260 |
_aBengaluru _bBharata Darshana Prakashana _c1981 |
||
| 300 | _axlviii,5414 | ||
| 440 |
_a21 _9157636 |
||
| 650 |
_aMahabharata Vyasa Shantiparva _9157637 |
||
| 690 |
_aKannada Prose _9157638 |
||
| 906 | _a035157 | ||
| 942 |
_2ddc _cBK |
||
| 999 |
_c85815 _d85815 |
||